Aplikácia pre pokročilé videokonferencie v 3D priestore

Guardado en:
Detalles Bibliográficos
Autor principal: Alieksieienko, Maksym (Autor)
Otros Autores: Vargic, Radoslav (Orientador)
Formato: Manuscrito Libro
Lenguaje:eslovaco
Publicado: Bratislava : STU v Bratislave FEI, 2025
Materias:
Acceso en línea:https://opac.crzp.sk/?fn=detailBiblioFormChildI170CRL&sid=BA75C2D62745AD5727EE9B9ED92F&seo=CRZP-detail-kniha
Etiquetas: Agregar Etiqueta
Sin Etiquetas, Sea el primero en etiquetar este registro!

MARC

LEADER 00000ntm a22000003a 4500
001 stuzp102075
003 SK-STU
005 20260204134747.8
007 ta
008 150427s2015----xo-----f-mn---000-0-slo-d
040 |a STU  |b slo 
041 0 |a slo 
044 |a xo 
100 1 |a Alieksieienko, Maksym  |u 037000  |4 aut  |U FEI Fakulta elektrotechniky a informatiky  |T FEI Ústav multimediálnych informačných a komunikačných technológií  |X 123029  |U E070  |Y 818  |7 123029 
242 0 1 |a Application for advanced video conferencing in 3D space  |y eng 
245 1 0 |a Aplikácia pre pokročilé videokonferencie v 3D priestore 
260 |a Bratislava :  |b STU v Bratislave FEI,  |c 2025 
300 |a 50 s. 
650 4 |a Videokonferencia  |2 slo 
650 4 |a Gaussian Splatting  |2 slo 
650 4 |a Trojrozmerná videokonferencia  |2 slo 
650 4 |a WebRTC  |2 slo 
650 4 |a Fullstack vývoj  |2 slo 
650 4 |a Webová aplikácia  |2 slo 
650 4 |a Quarkus  |2 slo 
650 4 |a React  |2 slo 
650 4 |a Agora SDK  |2 slo 
650 4 |a Three.js  |2 slo 
650 4 |a Video conferencing  |2 eng 
650 4 |a Fullstack development  |2 eng 
650 4 |a Agora SDK  |2 eng 
650 4 |a Quarkus  |2 eng 
650 4 |a Three.js  |2 eng 
650 4 |a Web application  |2 eng 
650 4 |a React  |2 eng 
650 4 |a Gaussian Splatting  |2 eng 
650 4 |a WebRTC  |2 eng 
650 4 |a Three-dimensional video conferencing  |2 eng 
700 1 |a Vargic, Radoslav  |u 037000  |k Z1  |4 ths  |U FEI Fakulta elektrotechniky a informatiky  |T FEI Ústav multimediálnych informačných a komunikačných technológií  |X 1918  |U E070  |Y 818  |7 A000001918 
856 4 |u https://opac.crzp.sk/?fn=detailBiblioFormChildI170CRL&sid=BA75C2D62745AD5727EE9B9ED92F&seo=CRZP-detail-kniha